<?xml version="1.0" encoding="UTF-8"?>
<record
    xmlns:xsi="http://www.w3.org/2001/XMLSchema-instance"
    xsi:schemaLocation="http://www.loc.gov/MARC21/slim http://www.loc.gov/standards/marcxml/schema/MARC21slim.xsd"
    xmlns="http://www.loc.gov/MARC21/slim">

  <leader>00330nam a2200145Ia 4500</leader>
  <controlfield tag="008">230711s9999||||xx |||||||||||||| ||und||</controlfield>
  <datafield tag="041" ind1=" " ind2=" ">
    <subfield code="a">ENG</subfield>
  </datafield>
  <datafield tag="082" ind1=" " ind2=" ">
    <subfield code="a">621</subfield>
    <subfield code="b">SH-I</subfield>
  </datafield>
  <datafield tag="100" ind1=" " ind2=" ">
    <subfield code="a">Narayan,Shanti</subfield>
  </datafield>
  <datafield tag="245" ind1=" " ind2="0">
    <subfield code="a">Integral calculas</subfield>
  </datafield>
  <datafield tag="250" ind1=" " ind2=" ">
    <subfield code="a">2nd</subfield>
  </datafield>
  <datafield tag="260" ind1=" " ind2=" ">
    <subfield code="c">1991</subfield>
    <subfield code="a">New Delhi</subfield>
    <subfield code="b">S.K Kataria &amp; Sons</subfield>
  </datafield>
  <datafield tag="650" ind1=" " ind2=" ">
    <subfield code="a">Mathematics</subfield>
  </datafield>
  <datafield tag="942" ind1=" " ind2=" ">
    <subfield code="c">BK</subfield>
  </datafield>
  <datafield tag="952" ind1=" " ind2=" ">
    <subfield code="0">0</subfield>
    <subfield code="1">0</subfield>
    <subfield code="4">0</subfield>
    <subfield code="7">0</subfield>
    <subfield code="8">C</subfield>
    <subfield code="a">MCL</subfield>
    <subfield code="b">MCL</subfield>
    <subfield code="d">0000-00-00</subfield>
    <subfield code="l">0</subfield>
    <subfield code="o">621 SH-I</subfield>
    <subfield code="p">31</subfield>
    <subfield code="r">2023-08-17 14:00:02</subfield>
    <subfield code="w">2023-08-17</subfield>
    <subfield code="y">BK</subfield>
  </datafield>
  <datafield tag="952" ind1=" " ind2=" ">
    <subfield code="0">0</subfield>
    <subfield code="1">0</subfield>
    <subfield code="4">0</subfield>
    <subfield code="7">0</subfield>
    <subfield code="8">C</subfield>
    <subfield code="a">MCL</subfield>
    <subfield code="b">MCL</subfield>
    <subfield code="d">0000-00-00</subfield>
    <subfield code="l">0</subfield>
    <subfield code="o">621 SH-I</subfield>
    <subfield code="p">32</subfield>
    <subfield code="r">2023-08-17 14:37:46</subfield>
    <subfield code="w">2023-08-17</subfield>
    <subfield code="y">BK</subfield>
  </datafield>
  <datafield tag="952" ind1=" " ind2=" ">
    <subfield code="0">0</subfield>
    <subfield code="1">0</subfield>
    <subfield code="4">0</subfield>
    <subfield code="7">0</subfield>
    <subfield code="8">C</subfield>
    <subfield code="a">MCL</subfield>
    <subfield code="b">MCL</subfield>
    <subfield code="d">0000-00-00</subfield>
    <subfield code="l">0</subfield>
    <subfield code="o">621 SH-I</subfield>
    <subfield code="p">33</subfield>
    <subfield code="r">2023-08-17 14:37:46</subfield>
    <subfield code="w">2023-08-17</subfield>
    <subfield code="y">BK</subfield>
  </datafield>
  <datafield tag="952" ind1=" " ind2=" ">
    <subfield code="0">0</subfield>
    <subfield code="1">0</subfield>
    <subfield code="4">0</subfield>
    <subfield code="7">0</subfield>
    <subfield code="8">C</subfield>
    <subfield code="a">MCL</subfield>
    <subfield code="b">MCL</subfield>
    <subfield code="d">0000-00-00</subfield>
    <subfield code="l">2</subfield>
    <subfield code="o">621 SH-I</subfield>
    <subfield code="p">34</subfield>
    <subfield code="r">2026-02-09 10:57:52</subfield>
    <subfield code="s">2026-01-16</subfield>
    <subfield code="w">2023-08-17</subfield>
    <subfield code="y">BK</subfield>
  </datafield>
  <datafield tag="952" ind1=" " ind2=" ">
    <subfield code="0">0</subfield>
    <subfield code="1">0</subfield>
    <subfield code="4">0</subfield>
    <subfield code="7">0</subfield>
    <subfield code="8">C</subfield>
    <subfield code="a">MCL</subfield>
    <subfield code="b">MCL</subfield>
    <subfield code="d">0000-00-00</subfield>
    <subfield code="l">0</subfield>
    <subfield code="o">621 SH-I</subfield>
    <subfield code="p">35</subfield>
    <subfield code="r">2023-08-17 14:37:46</subfield>
    <subfield code="w">2023-08-17</subfield>
    <subfield code="y">BK</subfield>
  </datafield>
  <datafield tag="952" ind1=" " ind2=" ">
    <subfield code="0">0</subfield>
    <subfield code="1">0</subfield>
    <subfield code="4">0</subfield>
    <subfield code="7">0</subfield>
    <subfield code="8">C</subfield>
    <subfield code="a">MCL</subfield>
    <subfield code="b">MCL</subfield>
    <subfield code="d">0000-00-00</subfield>
    <subfield code="l">0</subfield>
    <subfield code="o">621 SH-I</subfield>
    <subfield code="p">36</subfield>
    <subfield code="r">2023-08-17 14:37:46</subfield>
    <subfield code="w">2023-08-17</subfield>
    <subfield code="y">BK</subfield>
  </datafield>
  <datafield tag="952" ind1=" " ind2=" ">
    <subfield code="0">0</subfield>
    <subfield code="1">0</subfield>
    <subfield code="4">0</subfield>
    <subfield code="7">0</subfield>
    <subfield code="8">C</subfield>
    <subfield code="a">MCL</subfield>
    <subfield code="b">MCL</subfield>
    <subfield code="d">0000-00-00</subfield>
    <subfield code="l">0</subfield>
    <subfield code="o">621 SH-I</subfield>
    <subfield code="p">37</subfield>
    <subfield code="r">2023-08-17 14:37:46</subfield>
    <subfield code="w">2023-08-17</subfield>
    <subfield code="y">BK</subfield>
  </datafield>
  <datafield tag="952" ind1=" " ind2=" ">
    <subfield code="0">0</subfield>
    <subfield code="1">0</subfield>
    <subfield code="4">0</subfield>
    <subfield code="7">0</subfield>
    <subfield code="8">C</subfield>
    <subfield code="a">MCL</subfield>
    <subfield code="b">MCL</subfield>
    <subfield code="d">0000-00-00</subfield>
    <subfield code="l">0</subfield>
    <subfield code="o">621 SH-I</subfield>
    <subfield code="p">38</subfield>
    <subfield code="r">2023-08-17 14:37:46</subfield>
    <subfield code="w">2023-08-17</subfield>
    <subfield code="y">BK</subfield>
  </datafield>
  <datafield tag="952" ind1=" " ind2=" ">
    <subfield code="0">0</subfield>
    <subfield code="1">0</subfield>
    <subfield code="4">0</subfield>
    <subfield code="7">0</subfield>
    <subfield code="8">C</subfield>
    <subfield code="a">MCL</subfield>
    <subfield code="b">MCL</subfield>
    <subfield code="d">0000-00-00</subfield>
    <subfield code="l">1</subfield>
    <subfield code="o">621 SH-I</subfield>
    <subfield code="p">39</subfield>
    <subfield code="r">2024-03-26 09:33:17</subfield>
    <subfield code="s">2024-03-05</subfield>
    <subfield code="w">2023-08-17</subfield>
    <subfield code="y">BK</subfield>
  </datafield>
  <datafield tag="952" ind1=" " ind2=" ">
    <subfield code="0">0</subfield>
    <subfield code="1">0</subfield>
    <subfield code="4">0</subfield>
    <subfield code="7">0</subfield>
    <subfield code="8">C</subfield>
    <subfield code="a">MCL</subfield>
    <subfield code="b">MCL</subfield>
    <subfield code="d">0000-00-00</subfield>
    <subfield code="l">0</subfield>
    <subfield code="o">621 SH-I</subfield>
    <subfield code="p">40</subfield>
    <subfield code="r">2023-08-17 14:37:46</subfield>
    <subfield code="w">2023-08-17</subfield>
    <subfield code="y">BK</subfield>
  </datafield>
  <datafield tag="952" ind1=" " ind2=" ">
    <subfield code="0">0</subfield>
    <subfield code="1">0</subfield>
    <subfield code="4">0</subfield>
    <subfield code="7">0</subfield>
    <subfield code="8">C</subfield>
    <subfield code="a">MCL</subfield>
    <subfield code="b">MCL</subfield>
    <subfield code="d">0000-00-00</subfield>
    <subfield code="l">0</subfield>
    <subfield code="o">621 SH-I</subfield>
    <subfield code="p">41</subfield>
    <subfield code="r">2023-08-17 14:37:46</subfield>
    <subfield code="w">2023-08-17</subfield>
    <subfield code="y">BK</subfield>
  </datafield>
  <datafield tag="952" ind1=" " ind2=" ">
    <subfield code="0">0</subfield>
    <subfield code="1">0</subfield>
    <subfield code="4">0</subfield>
    <subfield code="7">0</subfield>
    <subfield code="8">C</subfield>
    <subfield code="a">MCL</subfield>
    <subfield code="b">MCL</subfield>
    <subfield code="d">0000-00-00</subfield>
    <subfield code="l">0</subfield>
    <subfield code="o">621 SH-I</subfield>
    <subfield code="p">42</subfield>
    <subfield code="r">2023-08-17 14:37:46</subfield>
    <subfield code="w">2023-08-17</subfield>
    <subfield code="y">BK</subfield>
  </datafield>
  <datafield tag="952" ind1=" " ind2=" ">
    <subfield code="0">0</subfield>
    <subfield code="1">0</subfield>
    <subfield code="4">0</subfield>
    <subfield code="7">0</subfield>
    <subfield code="8">C</subfield>
    <subfield code="a">MCL</subfield>
    <subfield code="b">MCL</subfield>
    <subfield code="d">0000-00-00</subfield>
    <subfield code="l">0</subfield>
    <subfield code="o">621 SH-I</subfield>
    <subfield code="p">43</subfield>
    <subfield code="r">2023-08-17 14:37:46</subfield>
    <subfield code="w">2023-08-17</subfield>
    <subfield code="y">BK</subfield>
  </datafield>
  <datafield tag="952" ind1=" " ind2=" ">
    <subfield code="0">0</subfield>
    <subfield code="1">0</subfield>
    <subfield code="4">0</subfield>
    <subfield code="7">0</subfield>
    <subfield code="8">C</subfield>
    <subfield code="a">MCL</subfield>
    <subfield code="b">MCL</subfield>
    <subfield code="d">0000-00-00</subfield>
    <subfield code="l">0</subfield>
    <subfield code="o">621 SH-I</subfield>
    <subfield code="p">44</subfield>
    <subfield code="r">2023-08-17 14:37:46</subfield>
    <subfield code="w">2023-08-17</subfield>
    <subfield code="y">BK</subfield>
  </datafield>
  <datafield tag="952" ind1=" " ind2=" ">
    <subfield code="0">0</subfield>
    <subfield code="1">0</subfield>
    <subfield code="4">0</subfield>
    <subfield code="7">0</subfield>
    <subfield code="8">C</subfield>
    <subfield code="a">MCL</subfield>
    <subfield code="b">MCL</subfield>
    <subfield code="d">0000-00-00</subfield>
    <subfield code="l">0</subfield>
    <subfield code="o">621 SH-I</subfield>
    <subfield code="p">45</subfield>
    <subfield code="r">2023-08-17 14:37:46</subfield>
    <subfield code="w">2023-08-17</subfield>
    <subfield code="y">BK</subfield>
  </datafield>
  <datafield tag="952" ind1=" " ind2=" ">
    <subfield code="0">0</subfield>
    <subfield code="1">0</subfield>
    <subfield code="4">0</subfield>
    <subfield code="7">0</subfield>
    <subfield code="8">C</subfield>
    <subfield code="a">MCL</subfield>
    <subfield code="b">MCL</subfield>
    <subfield code="d">0000-00-00</subfield>
    <subfield code="l">1</subfield>
    <subfield code="o">621 SH-I</subfield>
    <subfield code="p">46</subfield>
    <subfield code="r">2024-03-27 12:46:28</subfield>
    <subfield code="s">2024-03-05</subfield>
    <subfield code="w">2023-08-17</subfield>
    <subfield code="y">BK</subfield>
  </datafield>
  <datafield tag="952" ind1=" " ind2=" ">
    <subfield code="0">0</subfield>
    <subfield code="1">0</subfield>
    <subfield code="4">0</subfield>
    <subfield code="7">0</subfield>
    <subfield code="8">C</subfield>
    <subfield code="a">MCL</subfield>
    <subfield code="b">MCL</subfield>
    <subfield code="d">0000-00-00</subfield>
    <subfield code="l">0</subfield>
    <subfield code="o">621 SH-I</subfield>
    <subfield code="p">47</subfield>
    <subfield code="r">2023-08-17 14:37:46</subfield>
    <subfield code="w">2023-08-17</subfield>
    <subfield code="y">BK</subfield>
  </datafield>
  <datafield tag="952" ind1=" " ind2=" ">
    <subfield code="0">0</subfield>
    <subfield code="1">0</subfield>
    <subfield code="4">0</subfield>
    <subfield code="7">0</subfield>
    <subfield code="8">C</subfield>
    <subfield code="a">MCL</subfield>
    <subfield code="b">MCL</subfield>
    <subfield code="d">0000-00-00</subfield>
    <subfield code="l">0</subfield>
    <subfield code="o">621 SH-I</subfield>
    <subfield code="p">48</subfield>
    <subfield code="r">2023-08-17 14:37:46</subfield>
    <subfield code="w">2023-08-17</subfield>
    <subfield code="y">BK</subfield>
  </datafield>
  <datafield tag="952" ind1=" " ind2=" ">
    <subfield code="0">0</subfield>
    <subfield code="1">0</subfield>
    <subfield code="4">0</subfield>
    <subfield code="7">0</subfield>
    <subfield code="8">C</subfield>
    <subfield code="a">MCL</subfield>
    <subfield code="b">MCL</subfield>
    <subfield code="d">0000-00-00</subfield>
    <subfield code="l">0</subfield>
    <subfield code="o">621 SH-I</subfield>
    <subfield code="p">49</subfield>
    <subfield code="r">2023-08-17 14:37:46</subfield>
    <subfield code="w">2023-08-17</subfield>
    <subfield code="y">BK</subfield>
  </datafield>
  <datafield tag="952" ind1=" " ind2=" ">
    <subfield code="0">0</subfield>
    <subfield code="1">0</subfield>
    <subfield code="4">0</subfield>
    <subfield code="7">0</subfield>
    <subfield code="8">C</subfield>
    <subfield code="a">MCL</subfield>
    <subfield code="b">MCL</subfield>
    <subfield code="d">0000-00-00</subfield>
    <subfield code="l">0</subfield>
    <subfield code="o">621 SH-I</subfield>
    <subfield code="p">50</subfield>
    <subfield code="r">2023-08-17 14:37:46</subfield>
    <subfield code="w">2023-08-17</subfield>
    <subfield code="y">BK</subfield>
  </datafield>
  <datafield tag="952" ind1=" " ind2=" ">
    <subfield code="0">0</subfield>
    <subfield code="1">0</subfield>
    <subfield code="4">0</subfield>
    <subfield code="7">0</subfield>
    <subfield code="8">C</subfield>
    <subfield code="a">MCL</subfield>
    <subfield code="b">MCL</subfield>
    <subfield code="d">0000-00-00</subfield>
    <subfield code="l">0</subfield>
    <subfield code="o">621 SH-I</subfield>
    <subfield code="p">PBB31</subfield>
    <subfield code="r">2023-08-17 15:01:39</subfield>
    <subfield code="w">2023-08-17</subfield>
    <subfield code="y">BK</subfield>
  </datafield>
  <datafield tag="952" ind1=" " ind2=" ">
    <subfield code="0">0</subfield>
    <subfield code="1">0</subfield>
    <subfield code="4">0</subfield>
    <subfield code="7">0</subfield>
    <subfield code="8">C</subfield>
    <subfield code="a">MCL</subfield>
    <subfield code="b">MCL</subfield>
    <subfield code="d">0000-00-00</subfield>
    <subfield code="l">0</subfield>
    <subfield code="o">621 SH-I</subfield>
    <subfield code="p">PBB32</subfield>
    <subfield code="r">2023-08-17 15:01:39</subfield>
    <subfield code="w">2023-08-17</subfield>
    <subfield code="y">BK</subfield>
  </datafield>
  <datafield tag="952" ind1=" " ind2=" ">
    <subfield code="0">0</subfield>
    <subfield code="1">0</subfield>
    <subfield code="4">0</subfield>
    <subfield code="7">0</subfield>
    <subfield code="8">C</subfield>
    <subfield code="a">MCL</subfield>
    <subfield code="b">MCL</subfield>
    <subfield code="d">0000-00-00</subfield>
    <subfield code="l">0</subfield>
    <subfield code="o">621 SH-I</subfield>
    <subfield code="p">PBB33</subfield>
    <subfield code="r">2023-08-17 15:01:39</subfield>
    <subfield code="w">2023-08-17</subfield>
    <subfield code="y">BK</subfield>
  </datafield>
  <datafield tag="952" ind1=" " ind2=" ">
    <subfield code="0">0</subfield>
    <subfield code="1">0</subfield>
    <subfield code="4">0</subfield>
    <subfield code="7">0</subfield>
    <subfield code="8">C</subfield>
    <subfield code="a">MCL</subfield>
    <subfield code="b">MCL</subfield>
    <subfield code="d">0000-00-00</subfield>
    <subfield code="l">0</subfield>
    <subfield code="o">621 SH-I</subfield>
    <subfield code="p">PBB34</subfield>
    <subfield code="r">2023-08-17 15:01:39</subfield>
    <subfield code="w">2023-08-17</subfield>
    <subfield code="y">BK</subfield>
  </datafield>
  <datafield tag="952" ind1=" " ind2=" ">
    <subfield code="0">0</subfield>
    <subfield code="1">0</subfield>
    <subfield code="4">0</subfield>
    <subfield code="7">0</subfield>
    <subfield code="8">C</subfield>
    <subfield code="a">MCL</subfield>
    <subfield code="b">MCL</subfield>
    <subfield code="d">0000-00-00</subfield>
    <subfield code="l">0</subfield>
    <subfield code="o">621 SH-I</subfield>
    <subfield code="p">PBB35</subfield>
    <subfield code="r">2023-08-17 15:01:39</subfield>
    <subfield code="w">2023-08-17</subfield>
    <subfield code="y">BK</subfield>
  </datafield>
  <datafield tag="952" ind1=" " ind2=" ">
    <subfield code="0">0</subfield>
    <subfield code="1">0</subfield>
    <subfield code="4">0</subfield>
    <subfield code="7">0</subfield>
    <subfield code="8">C</subfield>
    <subfield code="a">MCL</subfield>
    <subfield code="b">MCL</subfield>
    <subfield code="d">0000-00-00</subfield>
    <subfield code="l">0</subfield>
    <subfield code="o">621 SH-I</subfield>
    <subfield code="p">PBB36</subfield>
    <subfield code="r">2023-08-17 15:01:39</subfield>
    <subfield code="w">2023-08-17</subfield>
    <subfield code="y">BK</subfield>
  </datafield>
  <datafield tag="952" ind1=" " ind2=" ">
    <subfield code="0">0</subfield>
    <subfield code="1">0</subfield>
    <subfield code="4">0</subfield>
    <subfield code="7">0</subfield>
    <subfield code="8">C</subfield>
    <subfield code="a">MCL</subfield>
    <subfield code="b">MCL</subfield>
    <subfield code="d">0000-00-00</subfield>
    <subfield code="l">0</subfield>
    <subfield code="o">621 SH-I</subfield>
    <subfield code="p">PBB37</subfield>
    <subfield code="r">2023-08-17 15:01:39</subfield>
    <subfield code="w">2023-08-17</subfield>
    <subfield code="y">BK</subfield>
  </datafield>
  <datafield tag="952" ind1=" " ind2=" ">
    <subfield code="0">0</subfield>
    <subfield code="1">0</subfield>
    <subfield code="4">0</subfield>
    <subfield code="7">0</subfield>
    <subfield code="8">C</subfield>
    <subfield code="a">MCL</subfield>
    <subfield code="b">MCL</subfield>
    <subfield code="d">0000-00-00</subfield>
    <subfield code="l">0</subfield>
    <subfield code="o">621 SH-I</subfield>
    <subfield code="p">PBB38</subfield>
    <subfield code="r">2023-08-17 15:01:39</subfield>
    <subfield code="w">2023-08-17</subfield>
    <subfield code="y">BK</subfield>
  </datafield>
  <datafield tag="952" ind1=" " ind2=" ">
    <subfield code="0">0</subfield>
    <subfield code="1">0</subfield>
    <subfield code="4">0</subfield>
    <subfield code="7">0</subfield>
    <subfield code="8">C</subfield>
    <subfield code="a">MCL</subfield>
    <subfield code="b">MCL</subfield>
    <subfield code="d">0000-00-00</subfield>
    <subfield code="l">0</subfield>
    <subfield code="o">621 SH-I</subfield>
    <subfield code="p">PBB39</subfield>
    <subfield code="r">2023-08-17 15:01:39</subfield>
    <subfield code="w">2023-08-17</subfield>
    <subfield code="y">BK</subfield>
  </datafield>
  <datafield tag="952" ind1=" " ind2=" ">
    <subfield code="0">0</subfield>
    <subfield code="1">0</subfield>
    <subfield code="4">0</subfield>
    <subfield code="7">0</subfield>
    <subfield code="8">C</subfield>
    <subfield code="a">MCL</subfield>
    <subfield code="b">MCL</subfield>
    <subfield code="d">0000-00-00</subfield>
    <subfield code="l">0</subfield>
    <subfield code="o">621 SH-I</subfield>
    <subfield code="p">PBB40</subfield>
    <subfield code="r">2023-08-17 15:01:39</subfield>
    <subfield code="w">2023-08-17</subfield>
    <subfield code="y">BK</subfield>
  </datafield>
  <datafield tag="952" ind1=" " ind2=" ">
    <subfield code="0">0</subfield>
    <subfield code="1">0</subfield>
    <subfield code="4">0</subfield>
    <subfield code="7">0</subfield>
    <subfield code="8">C</subfield>
    <subfield code="a">MCL</subfield>
    <subfield code="b">MCL</subfield>
    <subfield code="d">0000-00-00</subfield>
    <subfield code="l">0</subfield>
    <subfield code="o">621 SH-I</subfield>
    <subfield code="p">PBB41</subfield>
    <subfield code="r">2023-08-17 15:01:39</subfield>
    <subfield code="w">2023-08-17</subfield>
    <subfield code="y">BK</subfield>
  </datafield>
  <datafield tag="952" ind1=" " ind2=" ">
    <subfield code="0">0</subfield>
    <subfield code="1">0</subfield>
    <subfield code="4">0</subfield>
    <subfield code="7">0</subfield>
    <subfield code="8">C</subfield>
    <subfield code="a">MCL</subfield>
    <subfield code="b">MCL</subfield>
    <subfield code="d">0000-00-00</subfield>
    <subfield code="l">0</subfield>
    <subfield code="o">621 SH-I</subfield>
    <subfield code="p">PBB42</subfield>
    <subfield code="r">2023-08-17 15:01:39</subfield>
    <subfield code="w">2023-08-17</subfield>
    <subfield code="y">BK</subfield>
  </datafield>
  <datafield tag="952" ind1=" " ind2=" ">
    <subfield code="0">0</subfield>
    <subfield code="1">0</subfield>
    <subfield code="4">0</subfield>
    <subfield code="7">0</subfield>
    <subfield code="8">C</subfield>
    <subfield code="a">MCL</subfield>
    <subfield code="b">MCL</subfield>
    <subfield code="d">0000-00-00</subfield>
    <subfield code="l">0</subfield>
    <subfield code="o">621 SH-I</subfield>
    <subfield code="p">PBB43</subfield>
    <subfield code="r">2023-08-17 15:01:39</subfield>
    <subfield code="w">2023-08-17</subfield>
    <subfield code="y">BK</subfield>
  </datafield>
  <datafield tag="952" ind1=" " ind2=" ">
    <subfield code="0">0</subfield>
    <subfield code="1">0</subfield>
    <subfield code="4">0</subfield>
    <subfield code="7">0</subfield>
    <subfield code="8">C</subfield>
    <subfield code="a">MCL</subfield>
    <subfield code="b">MCL</subfield>
    <subfield code="d">0000-00-00</subfield>
    <subfield code="l">0</subfield>
    <subfield code="o">621 SH-I</subfield>
    <subfield code="p">PBB44</subfield>
    <subfield code="r">2023-08-17 15:01:39</subfield>
    <subfield code="w">2023-08-17</subfield>
    <subfield code="y">BK</subfield>
  </datafield>
  <datafield tag="952" ind1=" " ind2=" ">
    <subfield code="0">0</subfield>
    <subfield code="1">0</subfield>
    <subfield code="4">0</subfield>
    <subfield code="7">0</subfield>
    <subfield code="8">C</subfield>
    <subfield code="a">MCL</subfield>
    <subfield code="b">MCL</subfield>
    <subfield code="d">0000-00-00</subfield>
    <subfield code="l">0</subfield>
    <subfield code="o">621 SH-I</subfield>
    <subfield code="p">PBB45</subfield>
    <subfield code="r">2023-08-17 15:01:39</subfield>
    <subfield code="w">2023-08-17</subfield>
    <subfield code="y">BK</subfield>
  </datafield>
  <datafield tag="952" ind1=" " ind2=" ">
    <subfield code="0">0</subfield>
    <subfield code="1">0</subfield>
    <subfield code="4">0</subfield>
    <subfield code="7">0</subfield>
    <subfield code="8">C</subfield>
    <subfield code="a">MCL</subfield>
    <subfield code="b">MCL</subfield>
    <subfield code="d">0000-00-00</subfield>
    <subfield code="l">0</subfield>
    <subfield code="o">621 SH-I</subfield>
    <subfield code="p">PBB46</subfield>
    <subfield code="r">2023-08-17 15:01:39</subfield>
    <subfield code="w">2023-08-17</subfield>
    <subfield code="y">BK</subfield>
  </datafield>
  <datafield tag="952" ind1=" " ind2=" ">
    <subfield code="0">0</subfield>
    <subfield code="1">0</subfield>
    <subfield code="4">0</subfield>
    <subfield code="7">0</subfield>
    <subfield code="8">C</subfield>
    <subfield code="a">MCL</subfield>
    <subfield code="b">MCL</subfield>
    <subfield code="d">0000-00-00</subfield>
    <subfield code="l">0</subfield>
    <subfield code="o">621 SH-I</subfield>
    <subfield code="p">PBB47</subfield>
    <subfield code="r">2023-08-17 15:01:39</subfield>
    <subfield code="w">2023-08-17</subfield>
    <subfield code="y">BK</subfield>
  </datafield>
  <datafield tag="952" ind1=" " ind2=" ">
    <subfield code="0">0</subfield>
    <subfield code="1">0</subfield>
    <subfield code="4">0</subfield>
    <subfield code="7">0</subfield>
    <subfield code="8">C</subfield>
    <subfield code="a">MCL</subfield>
    <subfield code="b">MCL</subfield>
    <subfield code="d">0000-00-00</subfield>
    <subfield code="l">0</subfield>
    <subfield code="o">621 SH-I</subfield>
    <subfield code="p">PBB48</subfield>
    <subfield code="r">2023-08-17 15:01:39</subfield>
    <subfield code="w">2023-08-17</subfield>
    <subfield code="y">BK</subfield>
  </datafield>
  <datafield tag="952" ind1=" " ind2=" ">
    <subfield code="0">0</subfield>
    <subfield code="1">0</subfield>
    <subfield code="4">0</subfield>
    <subfield code="7">0</subfield>
    <subfield code="8">C</subfield>
    <subfield code="a">MCL</subfield>
    <subfield code="b">MCL</subfield>
    <subfield code="d">0000-00-00</subfield>
    <subfield code="l">0</subfield>
    <subfield code="o">621 SH-I</subfield>
    <subfield code="p">PBB49</subfield>
    <subfield code="r">2023-08-17 15:01:39</subfield>
    <subfield code="w">2023-08-17</subfield>
    <subfield code="y">BK</subfield>
  </datafield>
  <datafield tag="952" ind1=" " ind2=" ">
    <subfield code="0">0</subfield>
    <subfield code="1">0</subfield>
    <subfield code="4">0</subfield>
    <subfield code="7">0</subfield>
    <subfield code="8">C</subfield>
    <subfield code="a">MCL</subfield>
    <subfield code="b">MCL</subfield>
    <subfield code="d">0000-00-00</subfield>
    <subfield code="l">0</subfield>
    <subfield code="o">621 SH-I</subfield>
    <subfield code="p">PBB50</subfield>
    <subfield code="r">2023-08-17 15:01:39</subfield>
    <subfield code="w">2023-08-17</subfield>
    <subfield code="y">BK</subfield>
  </datafield>
  <datafield tag="999" ind1=" " ind2=" ">
    <subfield code="c">3</subfield>
    <subfield code="d">3</subfield>
  </datafield>
</record>
